Kontexty hospodářské politiky a současné finanční a hospodářské krize
Príčiny a dôsledky súčasnej finančnej a hospodárskej krízy v USA. Špecifiká príčin krízy. Trendy a faktory makroekonomického vývoja. Reflexia hospodárskej politiky na krízu. Deficit a dlh sektorov vládnych inštitúcií v EÚ.
Salvato in:
| Autore principale: | |
|---|---|
| Natura: | Capitolo di libro |
| Lingua: | ceco |
| Soggetti: | |
| Tags: |
Nessun Tag, puoi essere il primo ad aggiungerne!!
|
MARC
| LEADER | 00000naa a2200000 4500 | ||
|---|---|---|---|
| 001 | 0181623 | ||
| 005 | 20231207121323.6 | ||
| 041 | 0 | |a cze | |
| 044 | |a CZ | ||
| 245 | 1 | 0 | |a Kontexty hospodářské politiky a současné finanční a hospodářské krize |c Slavoj Czesaný |
| 520 | |a Príčiny a dôsledky súčasnej finančnej a hospodárskej krízy v USA. Špecifiká príčin krízy. Trendy a faktory makroekonomického vývoja. Reflexia hospodárskej politiky na krízu. Deficit a dlh sektorov vládnych inštitúcií v EÚ. | ||
| 610 | 2 | 0 | |a politika hospodárska |
| 610 | 2 | 0 | |a kríza hospodárska |
| 610 | 2 | 0 | |a USA |
| 610 | 2 | 0 | |a cykly hospodárske |
| 610 | 2 | 0 | |a nerovnováha hospodárska |
| 100 | 1 | |a Czesaný, Slavoj | |